00443nam a2200133Ia 4500008004100000024004600041082001900087100005700106245004400163260002600207600002100233650003800254999001700292260210s9999 xx 000 0 und d a10B-27-BS, 10B-48-BS & 09B-003-BS a005.133072 HAM aHammad Khalid, Abdul Hafeez & Syed Muneed Farhat 0aHuman Performance Scorecard (code book) aKarachi:bUITU,c2010 aComputer Science aBachelor of Computer Science (BS) c32367d32367